| 000 | 00517nam a2200169 4500 | ||
|---|---|---|---|
| 001 | 135929 | ||
| 003 | ES-MaACL | ||
| 007 | t| | ||
| 008 | 070214s1952 sp r ||||1| spa d | ||
| 100 | 0 |
_aRuiz y González de Linares, Ernesto _9100956 |
|
| 245 | 1 | 0 |
_aCurso de Economía Política / _cpor Ernesto Ruiz y G. de Linares. |
| 260 |
_aBurgos : _bHijos de Santiago Rodríguez, _c1952. |
||
| 300 |
_a2 t. ; _c22 cm. |
||
| 852 |
_aES-MaACL _jC-7267-8 _bR.35833 |
||
| 942 | _2udc | ||
| 999 |
_c135929 _d135929 |
||